00580 2200205 4500001002100000005001500021035002000036008003900056245009500095100001700190260004600207300003000253084001300283082000700296650001200303250001700315600001200332990001500344990001500359INLIS00000000000413320250602020256 a0010-1224000304250602 | | | 1 aPembelajaran Ekonomi Pasca Pandemi Siswa Kelas X SMA Muhammadiyah Kasongan /cAnita Rahayu aAnita Rahayu aPalangka Raya :bPerpustakaan UMPR,c2023 a53 Hal :bilus. ;c25 cm. a22 ANI p a22 4aSKRIPSI a1, Cet. Ke-1 4aEKONOMI a1822010632 a1822010632